Statistics for Countries With No Land Borders

Click here to take the quiz!

General Stats

  • This quiz has been taken 852 times
    (850 since last reset)
  • The average score is 32 of 46

Answer Stats

Country% Correct
Australia 23.88 mil
96%
New Zealand 4.61 mil
91%
Japan 126.87 mil
90%
Madagascar 22.43 mil
89%
Iceland 331,000
87%
Cuba 11.2 mil
86%
Malta 445,000
85%
Sri Lanka 20.6 mil
83%
Cyprus 858,000
82%
Jamaica 2.72 mil
81%
Fiji 859,000
80%
Philippines 101.96 mil
80%
Bahamas 368,000
78%
Seychelles 90,000
78%
Trinidad and Tobago 1.34 mil
78%
Barbados 285,000
77%
Cabo Verde 524,000
77%
St Kitts and Nevis 56,000
77%
Maldives 341,000
76%
St Lucia 185,000
76%
Nauru 10,000
75%
Samoa 188,000
75%
Solomon Islands 581,000
75%
St Vincent and the
Grenadines
110,000
75%
Taiwan 23.46 mil
75%
Vanuatu 265,000
75%
Marshall Islands 56,000
74%
Mauritius 1.26 mil
74%
Tonga 103,000
74%
Fed St of Micronesia 101,000
73%
São Tomé and Príncipe 187,000
73%
Tuvalu 11,000
73%
Palau 21,000
72%
Antigua and Barbuda 86,000
71%
Comoros 785,000
71%
Kiribati 106,000
70%
Dominica 71,000
69%
Grenada 103,000
69%
Singapore 5.47 mil
56%
Bahrain 1.36 mil
54%
Greenland 56,000
33%
Aruba 107,000
21%
Cook Islands 15,000
17%
Niue 2,000
17%
Curaçao 155,000
16%
Faroe Islands 49,000
16%

Score Distribution

Percentile by Number Answered

Percent of People with Each Score

Your Score History

You have not taken this quiz since the last reset